000
00238nam a2200097 a 4500
005
20200930062711.0
008
110613s2008 000 spa d
245
0
_a
Exposición De Gaudà a Calatrava.
260
_c
[2008?].
999
_c
30583
_d
30583
040
_a
DO-SdBNP